000 00678nam a2200289Ia 4500
005 20260324140822.0
008 008 260324s9999 xx 000 0 eng d
020 _a9780203983683
037 _aEBOOK
040 _aCRL
040 _beng
040 _cCRL
041 _2eng
041 _aeng
084 _qCRL
100 _aJonathan Westphal
_91205855
245 0 _aPhilosophical Propositions
245 3 _bAn Introduction to Philosophy
260 _bTaylor and Francis
260 _c1998
365 _a
365 _b195
856 _uhttp://www.taylorfrancis.com/books/9780203983683
942 _cEBOOK
999 _c1808301
_d1808301